Which character does this movie belong to? - Statistics

General Stats
  • This quiz has been taken 67 times
  • The average score is 8 of 15
Answer Stats
Hint Answer % Correct
Woody Toy Story
95%
Wendy Peter Pan
77%
Abu Aladdin
74%
Geppetto Pinocchio
74%
Mushu Mulan
67%
Zazu The Lion King
60%
Antonio Encanto
56%
Dug Up
49%
Hei Hei Moana
44%
Chip Beauty and the Beast
37%
Marshmallow Frozen
37%
Scuttle The Little Mermaid
37%
Lucifer Cinderella
30%
Darla Finding Nemo
25%
Bellweather Zootopia
23%
No matching quizzes found
Score Distribution
Percent of People with Each Score
Percentile by Number Answered
Your Score History
You have not taken this quiz